| 000 | 00538nam a2200217Ia 4500 | ||
|---|---|---|---|
| 001 | 12101 | ||
| 003 | GE_BSU | ||
| 008 | 181216s||||||||xx |||||||||||||| ||und|| | ||
| 020 | _a9780521846257 | ||
| 040 | _cGE_BSU | ||
| 080 | _a821.111-09 | ||
| 245 | 4 | _aThe Cambridge History of Victorian Literature | |
| 245 | _cEdited by Kate Flint | ||
| 260 | _aCambridge | ||
| 260 | _bUniversity Press | ||
| 260 | _c2012 | ||
| 300 | _a774p.24cm. | ||
| 541 | _h363Gel. | ||
| 653 | _aThe Cambridge History of Victorian Literature | ||
| 942 | _cBK | ||
| 999 |
_c45277 _d45277 |
||